The friend: (Record no. 29776)

MARC details
000 -LEADER
fixed length control field 00770nam a22002175a 4500
005 - DATE AND TIME OF LATEST TRANSACTION
control field 20090829111449.0
008 - FIXED-LENGTH DATA ELEMENTS--GENERAL INFORMATION
fixed length control field 090121s2009 ii 010 0 eng d
010 ## - LCCN (DPL NO)
LC control number ENG-94967
020 ## - INTERNATIONAL STANDARD BOOK NUMBER
Terms of availability 80.00
035 ## - SYSTEM CONTROL NUMBER
System control number EN-78500
037 ## - SOURCE OF ACQUISITION
Stock number DBAD / PUB
040 ## - CATALOGING SOURCE
Original cataloging agency dpl
Language of cataloging English
082 ## - DEWEY DECIMAL CLASSIFICATION NUMBER
Classification number 808.883
100 ## - MAIN ENTRY--PERSONAL NAME
Personal name Mahakul, Pintu
245 ## - TITLE STATEMENT
Title The friend:
Statement of responsibility, etc by Pintu Mahakul
Remainder of title (stories and proses) /
260 ## - PUBLICATION, DISTRIBUTION, ETC. (IMPRINT)
Place of publication, distribution, etc Orissa
Name of publisher, distributor, etc Prabhat Publication
Date of publication, distribution, etc 2008
270 ## - ADDRESS
Address Old Bus-stand Berhampur
City Orissa
Postal code 760001
300 ## - PHYSICAL DESCRIPTION
Extent 96p.
Dimensions 22cm(pbk)
942 ## - ADDED ENTRY ELEMENTS (KOHA)
Source of classification or shelving scheme Dewey Decimal Classification
Item type English Books
Call number suffix MAH
Classification part 808.883
Holdings
Withdrawn status Lost status Source of classification or shelving scheme Damaged status Not for loan Collection code Home library Current library Date acquired Source of acquisition Cost, normal purchase price Total Checkouts Full call number Barcode Date last seen Copy number Cost, replacement price Koha item type
    Dewey Decimal Classification   Not For Loan Non-fiction D.B.Act.Division D.B.Act.Division 29/08/2009 DBAD / PUB 80.00   808.883 MAH EN-78500 29/08/2009 1 80.00 English Books

© Delhi Public Library
Hit Counter
free hit counter